01897nam a2200241Ia 4500001000600000003000900006008004100015040001300056040001300069041001300082100001700095100002900112245001500141245001500156250001100171260001100182260002400193260004900217300005700266500127300323650002801596650003101624H4142IT-RoPAU130308s9999 xx 000 0 und d aIT-RoPAU cIT-RoPAU aITALIANO aBasta Chiara gCodice Aut. SPICS: 57543 aBotticelli bBotticelli a1a ed. aMILANO bCorriere Della Sera c2003 [1° Ed.:2003 - Ed.Ling.Originale:2003] a"192 p. (prefazione: no ; testo: 192 [pagine: 0-0])" a"Presentazione di Carlo Bo: Vita Oltre gli Occhi. La Vita, L'Arte e I capolavori a cura di Chiara Basta. tra I capolavori Inseriti in Questo Volume Citiamo: Madonna col bambino e Angelo, Madonna col Bambino, Madonna della Loggia, Madonna col bambino e Due Angeli, Madonna del Roseto, la Fortezza, Storie di Giuditta, ritratto di Giovane, Madonna dell'Eucarestia, ritratto di Esmeralda Brandini, ritratto di Uomo con Medaglia di Cosimo Il Vecchio, Adorazione dei Magi, Natività con S. Giovannino, ritratto di Giuliano De' Medici, S. Agostino Nello Studio, Madonna del Libro, Annunciazione. Madonna del Magnificat, prove di Cristo, prove di Mose', Punizione dei Ribelli, Allegoria della Primavera, Pallade che Doma Il Centauro, Nastagio degli Onesti, Venere e Marte, Nascita di Venere, Madonna della Melagrana, Incoronazione della Vergine, Annunciazione di Cestello, Annunciazione, Compianto su Cristomorto, Madonna del Padiglione, la Calunnia, Orazione nell'Orto, Adorazionedei Magi, Storie di Lucrezia, Storie di Virginia, Storie di San Zanobi, Natività Mistica, Nascita di Venere, Pala di San Marco. Apparati: tavola Cronologica di Vita, Opere e Avvenimenti storici del Tempo; collocazione Geografica delle Opere; breve Antologia Critica; consigli Bibliografici." aAUTORI/OPERE DI PITTURA eCodice materia Spics: 5207